Исследование биологической и ферментативной активности молочнокислых бактерий; Химия и химическая технология в XXI веке; Т. 1
| Parent link: | Химия и химическая технология в XXI веке: материалы XXVI Международной научно-практической конференции студентов и молодых ученых имени выдающихся химиков Л. П. Кулёва и Н. М. Кижнера, посвященной 125-летию со дня рождения профессора Л. П. Кулёва, 19-23 мая 2025 г., г. Томск/ Национальный исследовательский Томский политехнический университет.— .— Томск: Изд-во ТПУ, 2025 Т. 1.— 2025.— С. 285-286 |
|---|---|
| Автор: | |
| Інші автори: | , |
| Резюме: | Заглавие с экрана Текстовый файл |
| Мова: | Російська |
| Опубліковано: |
2025
|
| Предмети: | |
| Онлайн доступ: | http://earchive.tpu.ru/handle/11683/135211 |
| Формат: | Електронний ресурс Частина з книги |
| KOHA link: | https://koha.lib.tpu.ru/cgi-bin/koha/opac-detail.pl?biblionumber=684977 |
MARC
| LEADER | 00000naa2a2200000 4500 | ||
|---|---|---|---|
| 001 | 684977 | ||
| 005 | 20260322115854.0 | ||
| 090 | |a 684977 | ||
| 100 | |a 20260217d2025 k||y0rusy50 ca | ||
| 101 | 0 | |a rus | |
| 102 | |a RU | ||
| 135 | |a drcn ---uucaa | ||
| 200 | 1 | |a Исследование биологической и ферментативной активности молочнокислых бактерий |f А. В. Петруненко, А. В. Шестакова, А. П. Чернова |g науч. рук. А. П. Чернова | |
| 300 | |a Заглавие с экрана | ||
| 320 | |a Список литературы: 6 назв | ||
| 336 | |a Текстовый файл | ||
| 461 | 1 | |0 684476 |9 684476 |t Химия и химическая технология в XXI веке |o материалы XXVI Международной научно-практической конференции студентов и молодых ученых имени выдающихся химиков Л. П. Кулёва и Н. М. Кижнера, посвященной 125-летию со дня рождения профессора Л. П. Кулёва, 19-23 мая 2025 г., г. Томск |f Национальный исследовательский Томский политехнический университет |c Томск |d 2025 |n Изд-во ТПУ | |
| 463 | 1 | |0 684478 |9 684478 |t Т. 1 |d 2025 |v С. 285-286 |u conference_tpu-2025-C27_V1.pdf | |
| 545 | 1 | |a Теоретические и прикладные аспекты фармации и биотехнологии | |
| 610 | 1 | |a труды учёных ТПУ | |
| 610 | 1 | |a электронный ресурс | |
| 610 | 1 | |a молочнокислые бактерии | |
| 610 | 1 | |a пробиотические культуры | |
| 610 | 1 | |a ферменты | |
| 610 | 1 | |a микрофлора кишечника | |
| 610 | 1 | |a лактобактерии | |
| 700 | 1 | |a Петруненко |b А. В. | |
| 701 | 1 | |a Шестакова |b А. В. | |
| 701 | 1 | |a Чернова |b А. П. |c химик |c доцент Томского политехнического университета, кандидат химических наук |f 1984- |g Анна Павловна |9 20570 | |
| 702 | 1 | |a Чернова |b А. П. |c химик |c доцент Томского политехнического университета, кандидат химических наук |f 1984- |g Анна Павловна |4 727 | |
| 801 | 0 | |a RU |b 63413507 |c 20260217 |g RCR | |
| 850 | |a 63413507 | ||
| 856 | 4 | 0 | |u http://earchive.tpu.ru/handle/11683/135211 |z http://earchive.tpu.ru/handle/11683/135211 |
| 942 | |c CF | ||